000
00285nam a2200097Ia 4500
001
785716
005
20250826170306.0
008
250824s9999 xx 000 0 und d
245
0
_a
ARAMIZDA KALSIN!:SEN ARTIK BÜYÜDÜN!
_c
CHRİSTİNE NAUMANN-VİLLEMİN
260
_b
GENÇ TİMAŞ YAYINLARI
999
_c
785716
_d
785716